LEADER 01190nam a2200241 u 4500 001 000000110745 003 CaOOAMICUS 005 20080326120351.0 008 080326s2007 it u000 u ita u 040 $aMSA$bita$dPUL$dBc 245 00$aGiurisdizione unica tributaria :$bnuovi profili e problematiche /$ca cura di Franco Batistoni Ferrara. 260 $aTorino :$bGiappichelli,$c2007. 300 $a137 p. ;$c24 cm. 490 1 $aQuaderni del Dipartimento di diritto pubblico (Universitą di Pisa) ;$v39. 504 $aBibliografia in nota. 650 4$aDiritto tributario$zItalia$xManuali, ecc.$0(OLS)http://pul/subject/20045 700 1 $aBatistoni Ferrara, Franco.$0(OLS)http://pul/name/65046 830 0$aQuaderni del Dipartimento di diritto pubblico (Universitą di Pisa) ;$v39.$0(OLS)http://pul/title/93578 850 $aPUL 852 $aPUL$W1$xSL Diritto e Scienze Sociali 3$y79$m342. 45 BATFR 1$j126907$qDDC 21$B125619$CPULBib$Z2$F125619 $H106707 $82 941 1 $a9 996 $6245$aGiurisdizione unica tributaria :$bnuovi profili e problematiche$9(OLS)http://pul/title/139275 996 $6260$aTorino :$bGiappichelli$9(OLS)http://pul/publisher/48244 LEADER 01749nam a2200337 a 4500 001 000000123200 003 CaOOAMICUS 005 20100930142508.0 008 100930t2010 it d u000 u ita r 020 $z9788821307560* 040 $aPUL$bita 041 1 $aita$heng 082 04$a370.71 100 1 $aWald, Penelope J.$0(OLS)http://pul/name/77522 240 10$aEducators as learners.$lItaliano.$0(OLS)http://pul/title/155262 245 10$aInsegnanti che apprendono :$bcostruire una comunitą professionale che apprende /$cPenelope J. Wald, Michael S. Castleberry. 260 $aRoma :$bLAS,$c©2010. 300 $a191 p. :$bgrafici ;$c24 cm 490 1 $aPubblicazioni della Facoltą di scienze dell'educazione dell'Universitą Pontificia salesiana di Roma. Enciclopedia delle scienze dell'educazione ;$v110 650 4$aScienze dell'educazione.$0(OLS)http://pul/subject/10234 650 4$aInsegnamento$zItalia.$0(OLS)http://pul/subject/18258 700 1 $aCastleberry, Michael S.$0(OLS)http://pul/name/77523 830 0$aPubblicazioni della Facoltą di scienze dell'educazione dell'Universitą Pontificia salesiana di Roma.$pEnciclopedia delle scienze dell'educazione ;$v110.$0(OLS)http://pul/title/3064 850 $aPUL 852 $aPUL$W1$xSL Diritto e Scienze Sociali 3$y79$m370. 71 WALPE 1$j141642$qDDC 21$B140673$CPULBib$Z2$F140673 $H114424 $82 941 1 $a9 996 $6020$z9788821307560*$9(OLS)http://pul/number/145503 996 $6082$a370.71$9(OLS)http://pul/classification/756 996 $6245$aInsegnanti che apprendono :$bcostruire una comunitą professionale che apprende$9(OLS)http://pul/title/155261 996 $6260$aRoma :$bLAS$9(OLS)http://pul/publisher/48069